[Event "Lliga Catalana eq. DH"]
[Site "?"]
[Date "2014.02.01"]
[Round "2.6"]
[White "Martinez Ramirez, E."]
[Black "Fernandez Perez, D."]
[Result "1-0"]
[WhiteElo "2372"]
[BlackElo "2350"]
[PlyCount "121"]
[EventDate "2014.??.??"]
[EventType "team"]
[EventCountry "ESP"]

1. e4 b6 2. d4 Bb7 3. Bd3 e6 4. Nf3 d5 5. e5 c5 6. c3 Qc8 7. dxc5 bxc5 8. c4
dxc4 9. Bxc4 Ba6 10. Nc3 Bxc4 11. Qa4+ Qc6 12. Qxc4 Ne7 13. O-O Nd7 14. Rd1 Ng6
15. Qe2 Be7 16. g3 O-O 17. h4 Rfd8 18. h5 Ngf8 19. Bg5 Bxg5 20. Nxg5 h6 21. Nf3
Nb6 22. Rac1 Rac8 23. Ne4 Qa4 24. Rxd8 Rxd8 25. b3 Qb4 26. Rxc5 Nfd7 27. Rc2
Nd5 28. Qc4 Qb8 29. Qd4 Nb4 30. Rd2 Nd5 31. Nc3 Nxc3 32. Qxc3 Nb6 33. Rxd8+
Qxd8 34. Kg2 Qd5 35. Qd2 Qb7 36. Qd8+ Kh7 37. Qd3+ Kg8 38. Kg1 Qc7 39. a4 Qc1+
40. Kg2 Nd5 41. Qd4 a5 42. Nd2 Qd1 43. Qd3 Qxh5 44. Nf3 Qg4 45. Qd4 Qf5 46. Qd2
g5 47. Qxa5 Nf4+ 48. gxf4 Qg4+ 49. Kf1 Qxf3 50. Qd8+ Kh7 51. fxg5 Qxb3 52. gxh6
Qc4+ 53. Ke1 Qe4+ 54. Kd2 Qf4+ 55. Kd3 Qxe5 56. Qh4 Qd6+ 57. Ke2 Qe5+ 58. Kf1
Qc3 59. Qf4 f6 60. Kg2 Qb2 61. a5 1-0

[Event "Lliga Catalana eq. DH"]
[Site "?"]
[Date "2014.02.01"]
[Round "2.7"]
[White "Baños, OF."]
[Black "Yastrebova, T."]
[Result "1/2-1/2"]
[WhiteElo "2284"]
[BlackElo "2108"]
[PlyCount "80"]
[EventDate "2014.??.??"]
[EventType "team"]
[EventCountry "ESP"]

1. c4 Nf6 2. Nc3 e6 3. e4 d5 4. e5 d4 5. exf6 dxc3 6. bxc3 Qxf6 7. d4 c5 8. Nf3
h6 9. Bd3 cxd4 10. cxd4 Bb4+ 11. Bd2 Bxd2+ 12. Qxd2 O-O 13. O-O Rd8 14. Rfd1
Nc6 15. Qe3 Bd7 16. Rab1 b6 17. Qe4 g6 18. c5 Ne7 19. Ne5 Ba4 20. Rdc1 Nd5 21.
Bc4 Rac8 22. Bxd5 exd5 23. Qe3 bxc5 24. dxc5 Re8 25. Ng4 Qh4 26. Qf3 Re6 27.
Rb7 Be8 28. Ne3 d4 29. Nf1 Rf6 30. Qg3 Qxg3 31. Nxg3 Ra6 32. Rb4 d3 33. Rd4 Bb5
34. Ne4 Rxa2 35. f3 Rc2 36. Rd1 f5 37. Nf2 R8xc5 38. Nxd3 Bxd3 39. R1xd3 R5c3
40. Rd8+ Kf7 1/2-1/2

[Event "Lliga Catalana eq. DH"]
[Site "?"]
[Date "2014.02.01"]
[Round "2.7"]
[White "Bruned Segura, M."]
[Black "Camacho Collados, M."]
[Result "0-1"]
[WhiteElo "2241"]
[BlackElo "2420"]
[PlyCount "94"]
[EventDate "2014.??.??"]
[EventType "team"]
[EventCountry "ESP"]

1. e4 d6 2. d4 Nf6 3. Nc3 e5 4. dxe5 dxe5 5. Qxd8+ Kxd8 6. Bg5 Be7 7. O-O-O+
Nbd7 8. Nf3 Ng4 9. Rd2 f6 10. Bh4 c6 11. Bc4 Ke8 12. Be6 Nc5 13. Bxc8 Rxc8 14.
h3 Nh6 15. Nh2 Ne6 16. Ne2 Nf7 17. Rhd1 Bc5 18. Nf1 Rc7 19. Bg3 Ke7 20. f4 g6
21. fxe5 Nxe5 22. c3 Ng5 23. Nd4 Rd8 24. Nf3 Ngf7 25. Nxe5 fxe5 26. b4 Bd6 27.
Ne3 Ke6 28. Kc2 Be7 29. Nc4 b5 30. Ne3 Nd6 31. Ng4 Nc4 32. Rd3 a5 33. Rd4 h5
34. Rxc4 hxg4 35. Rcd4 axb4 36. R4d2 bxc3 37. Kxc3 Ra8 38. Kb2 gxh3 39. gxh3
Ra4 40. Rd4 Rca7 41. Rxa4 Rxa4 42. Re1 Ra3 43. Rg1 Re3 44. Be1 Re2+ 45. Kb3 g5
46. Bc3 Re3 47. Re1 Rxh3 0-1

[Event "Lliga Catalana eq. DH"]
[Site "?"]
[Date "2014.02.01"]
[Round "2.7"]
[White "Garcia Pichon, E."]
[Black "Llaneza Vega, P."]
[Result "1-0"]
[WhiteElo "2306"]
[BlackElo "2260"]
[PlyCount "29"]
[EventDate "2014.??.??"]
[EventType "team"]
[EventCountry "ESP"]

1. e4 c5 2. c3 d5 3. exd5 Qxd5 4. d4 Nc6 5. Nf3 Bf5 6. Be2 Nf6 7. c4 Qd8 8. d5
Nb4 9. Na3 e6 10. Qa4+ Qd7 11. Nb5 Nc2+ 12. Kf1 Nxa1 13. Ne5 Qd8 14. Nd6+ Ke7
15. Nxb7 1-0

[Event "Lliga Catalana eq. DH"]
[Site "?"]
[Date "2014.02.01"]
[Round "2.7"]
[White "Gutierrez Clares, J."]
[Black "Maroto Borras, J."]
[Result "1/2-1/2"]
[WhiteElo "2321"]
[BlackElo "2199"]
[PlyCount "40"]
[EventDate "2014.??.??"]
[EventType "team"]
[EventCountry "ESP"]

1. d4 e6 2. c4 b6 3. a3 d5 4. Nc3 Nf6 5. Nf3 Be7 6. cxd5 exd5 7. Bf4 O-O 8. h3
c5 9. e3 Bf5 10. g4 Be6 11. Bg2 Nc6 12. Ne5 Rc8 13. O-O h6 14. Qa4 Na5 15. dxc5
bxc5 16. b4 cxb4 17. axb4 Rxc3 18. Qxa5 Qxa5 19. Rxa5 Bxb4 20. Rxa7 Bc5 1/2-1/2

[Event "Lliga Catalana eq. DH"]
[Site "?"]
[Date "2014.02.01"]
[Round "2.7"]
[White "Hernando Rodrigo, JM."]
[Black "Leiro Giralt, D."]
[Result "1-0"]
[WhiteElo "2368"]
[BlackElo "2317"]
[PlyCount "62"]
[EventDate "2014.??.??"]
[EventType "team"]
[EventCountry "ESP"]

1. Nf3 d5 2. c4 e6 3. g3 Nf6 4. Bg2 Be7 5. O-O O-O 6. b3 c6 7. Bb2 Nbd7 8. d4
b6 9. Nc3 Bb7 10. Ne5 Qc7 11. Rc1 Rfd8 12. cxd5 Nxe5 13. dxe5 Nxd5 14. Nxd5
exd5 15. Bxd5 Bc5 16. b4 Rxd5 17. Qb3 Bd4 18. Qxd5 Bxb2 19. Rc2 Bxe5 20. Qb3 c5
21. bxc5 bxc5 22. Qa4 Qd6 23. Qa3 Qd5 24. f3 a6 25. Rb1 Bd4+ 26. Kg2 Re8 27.
Rb3 c4 28. Qa4 Rc8 29. e4 Qc6 30. Qxc6 Bxc6 31. Rxc4 Be5 1-0

[Event "Lliga Catalana eq. DH"]
[Site "?"]
[Date "2014.02.01"]
[Round "2.7"]
[White "Pijuan Herranz, M."]
[Black "Perez Mañas, B."]
[Result "0-1"]
[WhiteElo "2313"]
[BlackElo "2375"]
[PlyCount "42"]
[EventDate "2014.??.??"]
[EventType "team"]
[EventCountry "ESP"]

1. d4 d5 2. Nf3 Nc6 3. c3 Bg4 4. Qb3 Rb8 5. Bf4 e6 6. Nbd2 Bd6 7. Ne5 Bxe5 8.
dxe5 Nge7 9. h3 Bh5 10. g4 Bg6 11. Bg2 b5 12. Bg3 O-O 13. O-O b4 14. Rac1 Rb6
15. e4 dxe4 16. Nxe4 bxc3 17. Qxc3 Nd5 18. Qa3 Nd4 19. Rfe1 Nb4 20. Rcd1 Nbc2
21. Qc3 Ne2+ 0-1

[Event "Lliga Catalana eq. DH"]
[Site "?"]
[Date "2014.02.01"]
[Round "2.7"]
[White "Pueyo Burrell, D."]
[Black "Fernandez Muixi, F."]
[Result "1-0"]
[WhiteElo "2293"]
[BlackElo "2249"]
[PlyCount "77"]
[EventDate "2014.??.??"]
[EventType "team"]
[EventCountry "ESP"]

1. e4 g6 2. Nc3 Bg7 3. d4 c5 4. Nf3 cxd4 5. Nxd4 Nc6 6. Be3 Nf6 7. Bc4 O-O 8.
Bb3 d6 9. f3 Bd7 10. Qd2 Qa5 11. O-O-O Rfc8 12. Kb1 Ne5 13. Bg5 Rxc3 14. Qxc3
Qd8 15. h4 h5 16. Rhe1 Rc8 17. Qd2 b5 18. Bf4 Nc4 19. Bxc4 bxc4 20. Ne2 Be6 21.
c3 Nd7 22. Nd4 Nc5 23. Nxe6 fxe6 24. Qc2 Qe8 25. Be3 Na4 26. Ka1 Rb8 27. Rb1
Kh7 28. Bd4 Qb5 29. g4 e5 30. Be3 Nc5 31. Bxc5 Qxc5 32. gxh5 Bh6 33. Rg1 Rg8
34. Rxg6 Rxg6 35. hxg6+ Kg7 36. Qa4 Qc8 37. Qxa7 Qe6 38. h5 Bg5 39. Qa8 1-0

[Event "Lliga Catalana eq. DH"]
[Site "?"]
[Date "2014.02.01"]
[Round "2.7"]
[White "Subirachs Mancebo, G."]
[Black "Mateu Guiu, E."]
[Result "0-1"]
[WhiteElo "2213"]
[BlackElo "2159"]
[PlyCount "68"]
[EventDate "2014.??.??"]
[EventType "team"]
[EventCountry "ESP"]

1. e4 c5 2. b3 Nc6 3. Bb2 e5 4. Bc4 d6 5. Nc3 Nf6 6. d3 g6 7. Nge2 Bg7 8. O-O
O-O 9. h3 Nh5 10. Nd5 Rb8 11. a4 a6 12. Ne3 Nd4 13. Nxd4 cxd4 14. Ng4 Kh8 15.
Bc1 Qe8 16. Nh2 f5 17. exf5 gxf5 18. Re1 Qg6 19. Qf3 b6 20. Bd5 Nf6 21. Bc6 f4
22. Ba3 Rd8 23. Kf1 Be6 24. Be4 Nxe4 25. dxe4 Rbc8 26. Qd3 Bh6 27. Qxa6 Rg8 28.
Ng4 Bxg4 29. hxg4 Qxg4 30. g3 fxg3 31. Bxd6 Bf4 32. Qd3 g2+ 33. Kg1 Qh4 34. f3
Bh2# 0-1

[Event "Lliga Catalana eq. DH"]
[Site "?"]
[Date "2014.02.01"]
[Round "2.8"]
[White "Almirall Botella, J."]
[Black "Fernandez Madrid, C."]
[Result "0-1"]
[WhiteElo "2147"]
[BlackElo "2281"]
[PlyCount "68"]
[EventDate "2014.??.??"]
[EventType "team"]
[EventCountry "ESP"]

1. d4 Nf6 2. c4 c5 3. d5 e6 4. Nc3 exd5 5. cxd5 d6 6. Nf3 g6 7. h3 a6 8. a4 Bg7
9. Bf4 Qe7 10. Nd2 O-O 11. Nc4 Rd8 12. e3 Bf5 13. Bd3 Bxd3 14. Qxd3 Ne8 15. Ne4
Nd7 16. Nexd6 b5 17. Na5 Nxd6 18. Nc6 Qe4 19. Qxe4 Nxe4 20. Nxd8 Bxb2 21. Ra2
Bc3+ 22. Ke2 Rxd8 23. axb5 axb5 24. f3 Nef6 25. e4 b4 26. Kd3 Rc8 27. Kc4 Ne5+
28. Bxe5 Bxe5 29. Ra7 Ne8 30. Rd1 Nd6+ 31. Kb3 Kf8 32. Rd2 Rb8 33. g3 c4+ 34.
Kc2 b3+ 0-1

[Event "Lliga Catalana eq. DH"]
[Site "?"]
[Date "2014.02.01"]
[Round "2.8"]
[White "Ibañez Tarradellas, E."]
[Black "Quintas Galeano, L."]
[Result "1-0"]
[WhiteElo "2400"]
[BlackElo "2222"]
[PlyCount "109"]
[EventDate "2014.??.??"]
[EventType "team"]
[EventCountry "ESP"]

1. d4 e6 2. Nf3 Nf6 3. Bg5 h6 4. Bh4 c5 5. e3 Nc6 6. c3 d5 7. Nbd2 Bd7 8. Bd3
cxd4 9. exd4 Be7 10. O-O a6 11. a4 Rc8 12. Ne5 Nxe5 13. dxe5 Ng8 14. Bg3 Bc5
15. Kh1 Ne7 16. Qg4 g6 17. Bh4 g5 18. Bg3 Nf5 19. Qh5 Ng7 20. Qe2 h5 21. f4 g4
22. Nb3 Ba7 23. Bf2 Bxf2 24. Rxf2 O-O 25. Nd4 f5 26. exf6 Qxf6 27. Kg1 Nf5 28.
Qe5 Qxe5 29. fxe5 Nxd4 30. cxd4 Rxf2 31. Kxf2 Kf7 32. Ke3 Rf8 33. Ra3 Rc8 34.
Rb3 Rc7 35. Rb6 Ke7 36. a5 Bc8 37. Kf4 Rc1 38. Rb3 Rh1 39. Rc3 Bd7 40. Rc7 Ke8
41. Rxb7 Rxh2 42. Kg5 Rh1 43. Bxa6 Kd8 44. Bd3 Rd1 45. Rb3 Bc6 46. Ra3 Ba8 47.
b4 Kc7 48. b5 Rd2 49. b6+ Kb7 50. Rc3 h4 51. Kxh4 Rxg2 52. Rc7+ Kb8 53. Ba6
Rh2+ 54. Kxg4 Rh8 55. Kg5 1-0

[Event "Lliga Catalana eq. DH"]
[Site "?"]
[Date "2014.02.01"]
[Round "2.8"]
[White "Moravich Casals, JS."]
[Black "Castellet Giralt, G."]
[Result "0-1"]
[WhiteElo "2108"]
[BlackElo "2284"]
[PlyCount "76"]
[EventDate "2014.??.??"]
[EventType "team"]
[EventCountry "ESP"]

1. d4 e6 2. c4 f5 3. Nc3 Nf6 4. Qc2 Bb4 5. Bg5 h6 6. Bd2 Bxc3 7. Bxc3 d6 8. e3
b6 9. Ne2 O-O 10. Nf4 Qe8 11. O-O-O c6 12. Bd3 a5 13. f3 Na6 14. g4 e5 15. dxe5
dxe5 16. Nh5 Nxh5 17. gxh5 Nb4 18. Bxb4 axb4 19. c5 b5 20. h3 Qxh5 21. Rhg1 Ra7
22. Qg2 Be6 23. Bb1 e4 24. f4 Bd5 25. Qg3 Qf7 26. Rd2 Qe7 27. Rc2 Qf6 28. Qg6
Qh4 29. Rcg2 Qf6 30. Qxf6 Rxf6 31. Rd1 Kf7 32. Rd4 Rg6 33. Rxg6 Kxg6 34. Kd2
Kh5 35. Ke1 Kh4 36. Kf2 g5 37. fxg5 hxg5 38. Rxb4 Rh7 0-1

[Event "Lliga Catalana eq. DH"]
[Site "?"]
[Date "2014.02.01"]
[Round "2.8"]
[White "Onna Amargant, J."]
[Black "Lopez Forn, M."]
[Result "1-0"]
[WhiteElo "2072"]
[BlackElo "2176"]
[PlyCount "141"]
[EventDate "2014.??.??"]
[EventType "team"]
[EventCountry "ESP"]

1. b4 d6 2. b5 a6 3. c4 Nf6 4. Bb2 axb5 5. cxb5 Nbd7 6. e3 g6 7. a4 Bg7 8. Nf3
O-O 9. d4 e5 10. dxe5 Ng4 11. Be2 Nc5 12. O-O Be6 13. Nbd2 Re8 14. Qc2 b6 15.
h3 Nxe5 16. Bxe5 Bxe5 17. Nxe5 dxe5 18. Bc4 Bf5 19. e4 Be6 20. Nf3 Qf6 21. Bxe6
Nxe6 22. Qc6 Kg7 23. Rfd1 Red8 24. Rd5 Rxd5 25. exd5 e4 26. Re1 Nf4 27. Rxe4
Nxh3+ 28. Kf1 Rd8 29. Qxf6+ Kxf6 30. gxh3 Rxd5 31. Rc4 Rd7 32. Ke2 h5 33. h4
Kf5 34. Ke3 Re7+ 35. Kd3 Rd7+ 36. Ke2 Re7+ 37. Kf1 Rd7 38. Kg2 f6 39. Kg3 g5
40. Nd4+ Ke5 41. Nc6+ Ke6 42. Re4+ Kf7 43. hxg5 Kg6 44. gxf6 Kxf6 45. Rh4 Rg7+
46. Kf4 Rg5 47. Ke3 Rc5 48. Kd4 Kg5 49. Rh2 Rf5 50. Rg2+ Kf6 51. Ke4 Rc5 52.
Kd4 Rf5 53. Ke3 Rc5 54. f4 Rc3+ 55. Ke4 Rc4+ 56. Nd4 Rxa4 57. Rg5 h4 58. Rh5
Ra1 59. Rxh4 Re1+ 60. Kd5 Rd1 61. Rh6+ Ke7 62. Rh7+ Kd8 63. f5 Rf1 64. Ne6+ Ke8
65. Nxc7+ Kf8 66. Ne6+ Kg8 67. Rg7+ Kh8 68. Rg5 Rc1 69. Ke5 Rc8 70. f6 Rf8 71.
Rh5+ 1-0

[Event "Lliga Catalana eq. DH"]
[Site "?"]
[Date "2014.02.01"]
[Round "2.8"]
[White "Pinsach Gelabert, A."]
[Black "Garcia Jimenez, FJ."]
[Result "1/2-1/2"]
[WhiteElo "2295"]
[BlackElo "2362"]
[PlyCount "41"]
[EventDate "2014.??.??"]
[EventType "team"]
[EventCountry "ESP"]

1. e4 e5 2. Nc3 Nc6 3. g3 h5 4. h3 h4 5. g4 Bc5 6. Bg2 Nge7 7. d3 Ng6 8. Nd5 d6
9. Be3 Be6 10. Ne2 Nd4 11. Bxd4 Bxd4 12. c3 Bb6 13. Ne3 Qg5 14. Nf5 Nf4 15.
Nxf4 Bxf5 16. Nd5 Be6 17. Qa4+ Bd7 18. Qc2 Be6 19. Qa4+ Bd7 20. Qc2 Be6 21.
Qa4+ 1/2-1/2

[Event "Lliga Catalana eq. DH"]
[Site "?"]
[Date "2014.02.01"]
[Round "2.8"]
[White "Prat Llables, J."]
[Black "Monraba Capella, M."]
[Result "1-0"]
[WhiteElo "2284"]
[BlackElo "2351"]
[PlyCount "80"]
[EventDate "2014.??.??"]
[EventType "team"]
[EventCountry "ESP"]

1. e4 c5 2. c3 e6 3. d4 d5 4. e5 Nc6 5. Nf3 Qb6 6. a3 a5 7. b3 Bd7 8. Be3 Be7
9. Bd3 f5 10. O-O g6 11. Nbd2 cxd4 12. Nxd4 Nxd4 13. Bxd4 Bc5 14. Bxc5 Qxc5 15.
b4 Qxc3 16. Qe2 Ne7 17. Rfc1 Qd4 18. Nb3 Qb6 19. Nc5 axb4 20. axb4 Rxa1 21.
Rxa1 Bc8 22. Bb5+ Kf7 23. Ra8 Rd8 24. h4 Nc6 25. Bxc6 Qxc6 26. Qe3 Qc7 27. Qh6
Kg8 28. h5 Qf7 29. Qg5 Rf8 30. Nd3 Bd7 31. Rxf8+ Kxf8 32. hxg6 hxg6 33. Nf4 Be8
34. Qd8 Kg7 35. Qc8 Bd7 36. Qxb7 g5 37. Nh5+ Kg6 38. Nf6 Be8 39. Qb8 Ba4 40. b5
Qe7 1-0

[Event "Lliga Catalana eq. DH"]
[Site "?"]
[Date "2014.02.01"]
[Round "2.8"]
[White "Velasco Blasco, JM."]
[Black "Bautista Sanchez, J."]
[Result "0-1"]
[WhiteElo "2224"]
[BlackElo "2292"]
[PlyCount "112"]
[EventDate "2014.??.??"]
[EventType "team"]
[EventCountry "ESP"]

1. d4 Nf6 2. Nc3 d5 3. Bg5 Bf5 4. e3 e6 5. g4 Bg6 6. h4 h6 7. Bf4 Bd6 8. Nh3 c6
9. Bxd6 Qxd6 10. Nf4 Bh7 11. g5 Ne4 12. g6 Bxg6 13. Nxg6 fxg6 14. Nxe4 dxe4 15.
Qg4 O-O 16. O-O-O Rf6 17. Bc4 b5 18. Bb3 a5 19. c3 b4 20. Qxe4 bxc3 21. bxc3 a4
22. Bc4 Nd7 23. f4 Nb6 24. Qd3 Rb8 25. Kc2 Rff8 26. Rb1 Nxc4 27. Qxc4 Qd5 28.
Qxd5 exd5 29. Rxb8 Rxb8 30. Rb1 Rb5 31. Rxb5 cxb5 32. Kd3 Kf7 33. e4 Ke6 34.
exd5+ Kxd5 35. Ke3 Kc4 36. Kd2 b4 37. cxb4 Kxd4 38. Kc2 Ke4 39. Kc3 Kxf4 40.
Kd4 Kf5 41. Kd5 g5 42. hxg5 h5 43. Kd4 a3 44. g6 h4 45. Ke3 Ke5 46. Kf3 Kd4 47.
Kg4 Kc4 48. Kxh4 Kxb4 49. Kg4 Kc3 50. Kf5 Kb2 51. Ke6 Kxa2 52. Kf7 Kb3 53. Kxg7
a2 54. Kf7 a1=Q 55. g7 Qf1+ 56. Kg6 Qg2+ 0-1

[Event "Lliga Catalana eq. DH"]
[Site "?"]
[Date "2014.02.01"]
[Round "2.8"]
[White "Yepes Martinez, E."]
[Black "Oset Teixidor, G."]
[Result "1/2-1/2"]
[WhiteElo "2320"]
[BlackElo "2096"]
[PlyCount "224"]
[EventDate "2014.??.??"]
[EventType "team"]
[EventCountry "ESP"]

1. d4 d5 2. Nf3 Nf6 3. Bf4 Bf5 4. e3 e6 5. Ne5 Bd6 6. Nd2 O-O 7. h3 Nbd7 8. g4
Be4 9. f3 Bg6 10. h4 h6 11. Nxg6 fxg6 12. Bxd6 cxd6 13. Bd3 Qe8 14. g5 Nh5 15.
gxh6 gxh6 16. Rg1 Rf6 17. f4 Ng7 18. Qf3 Qf7 19. Qg2 Nf8 20. Nf3 Nf5 21. Qd2 a5
22. O-O-O Ng7 23. Qh2 Nf5 24. Rde1 Kh8 25. Qd2 Qd7 26. e4 Ne7 27. e5 dxe5 28.
dxe5 Rf7 29. Nd4 Qa4 30. c3 Qxa2 31. f5 exf5 32. Qxh6+ Rh7 33. Qg5 a4 34. h5 a3
35. Re2 axb2+ 36. Rxb2 Qa3 37. Nb5 Qc5 38. hxg6 Rg7 39. Qh4+ Kg8 40. Qd4 Ra1+
41. Bb1 b6 42. Nd6 Nc6 43. Qxc5 bxc5 44. Nxf5 Rxg6 45. Re1 Re6 46. Rg1+ Rg6 47.
Rd1 Rg5 48. Nh6+ Kg7 49. Rh1 Nxe5 50. Rb7+ Nfd7 51. Kb2 Ra6 52. Nf5+ Kg8 53.
Ne7+ Kf8 54. Nxd5 Rd6 55. Nf4 Rg8 56. Rf1 Ke7 57. Be4 Rb6+ 58. Rxb6 Nxb6 59.
Re1 Nbc4+ 60. Kc2 Rb8 61. Nd3 Na3+ 62. Kd2 Nec4+ 63. Ke2 Kd6 64. Rh1 Re8 65.
Rh6+ Re6 66. Rxe6+ Kxe6 67. Nxc5+ Ke5 68. Bd3 Nd6 69. Nd7+ Ke6 70. Nb6 Nab5 71.
c4 Nd4+ 72. Ke3 Nb3 73. Bf1 Nb7 74. Kd3 N3a5 75. Kd4 Nxc4 76. Nxc4 Nd6 77. Bh3+
Ke7 78. Ne5 Kf6 79. Nd7+ Kg5 80. Be6 Nf5+ 81. Ke5 Ng7 82. Bh3 Kh4 83. Bf1 Kg5
84. Bd3 Nh5 85. Nc5 Ng7 86. Ne4+ Kh4 87. Be2 Nh5 88. Bf3 Ng3 89. Nf2 Kg5 90.
Nh3+ Kh4 91. Nf4 Kg5 92. Bd1 Nf1 93. Ne6+ Kh6 94. Kf4 Nd2 95. Be2 Nb1 96. Kf5
Nc3 97. Bf3 Nb5 98. Kf6 Nd6 99. Ng7 Nb5 100. Nf5+ Kh7 101. Bd5 Nc3 102. Bf3 Nb5
103. Bh5 Nc7 104. Bg6+ Kg8 105. Bf7+ Kh7 106. Nd6 Na6 107. Bg6+ Kg8 108. Nf5
Nc5 109. Nh6+ Kf8 110. Bf5 Ke8 111. Nf7 Nd7+ 112. Bxd7+ Kxd7 1/2-1/2

[Event "Lliga Catalana eq. DH"]
[Site "?"]
[Date "2014.02.01"]
[Round "2.9"]
[White "Bru Rull, L."]
[Black "Moreno Garcia, EP."]
[Result "1-0"]
[WhiteElo "2263"]
[BlackElo "2102"]
[PlyCount "89"]
[EventDate "2014.??.??"]
[EventType "team"]
[EventCountry "ESP"]

1. e4 e5 2. Nf3 Nf6 3. Nxe5 d6 4. Nf3 Nxe4 5. d4 d5 6. Bd3 Bd6 7. O-O O-O 8. c4
c6 9. Qc2 Bg4 10. Ne5 Bh5 11. cxd5 cxd5 12. Bxe4 dxe4 13. Qxe4 Nd7 14. Bf4 Bxe5
15. Bxe5 Qb6 16. b3 Bg6 17. Qf4 Rfe8 18. Nd2 Qa6 19. Nc4 f6 20. Bc7 Bd3 21.
Rfc1 Re2 22. Qf3 Bxc4 23. bxc4 Rae8 24. Qd5+ Qe6 25. Qxe6+ R8xe6 26. Bf4 Ra6
27. a3 Rb2 28. Be3 Ra4 29. g3 Nb6 30. c5 Nd5 31. Rcb1 Rxa3 32. Rxb2 Rxa1+ 33.
Kg2 b6 34. c6 Nxe3+ 35. fxe3 Rc1 36. d5 Kf7 37. Ra2 a5 38. Rb2 Ke7 39. Rxb6 Kd6
40. e4 f5 41. exf5 Kxd5 42. Rb5+ Kxc6 43. Rxa5 Kb6 44. Rd5 Rc7 45. Kf3 1-0

[Event "Lliga Catalana eq. DH"]
[Site "?"]
[Date "2014.02.01"]
[Round "2.9"]
[White "Castellano Egea, E."]
[Black "Benet Morant, D."]
[Result "1/2-1/2"]
[WhiteElo "2282"]
[BlackElo "2154"]
[PlyCount "80"]
[EventDate "2014.??.??"]
[EventType "team"]
[EventCountry "ESP"]

1. e4 c5 2. Nf3 e6 3. d4 cxd4 4. Nxd4 Nc6 5. Nc3 Qc7 6. g3 Nf6 7. Bg2 a6 8. O-O
Be7 9. a4 d6 10. Nb3 Na5 11. Nxa5 Qxa5 12. Be3 O-O 13. g4 Qb4 14. Ra3 Nd7 15.
Qd2 Kh8 16. Qd4 Qxd4 17. Bxd4 Ne5 18. h3 Bd7 19. Rd1 Bc6 20. Ra2 Rac8 21. a5
Rfd8 22. Bb6 Rd7 23. b3 Ng6 24. Ne2 Bf6 25. c4 Be5 26. Bd4 Nf4 27. Bxe5 Nxe2+
28. Rxe2 dxe5 29. Rxd7 Bxd7 30. Rd2 Be8 31. Bf1 Kg8 32. f3 Kf8 33. Kf2 Ke7 34.
Ke3 f6 35. b4 Ba4 36. Ra2 Bb3 37. Ra3 Bd1 38. Ra1 Bb3 39. Ra3 Bd1 40. Ra1 Bb3
1/2-1/2

[Event "Lliga Catalana eq. DH"]
[Site "?"]
[Date "2014.02.01"]
[Round "2.9"]
[White "Garcia Castellote, O."]
[Black "Rechi Perez, F."]
[Result "0-1"]
[WhiteElo "2171"]
[BlackElo "2024"]
[PlyCount "68"]
[EventDate "2014.??.??"]
[EventType "team"]
[EventCountry "ESP"]

1. e4 e6 2. d4 d5 3. Nc3 Bb4 4. e5 c5 5. Bd2 cxd4 6. Nb5 Be7 7. Qg4 g6 8. Nxd4
Nc6 9. Ngf3 Nxd4 10. Qxd4 Bd7 11. O-O-O Qc7 12. Bd3 f5 13. Bb4 Bxb4 14. Qxb4
Ne7 15. c3 Nc6 16. Qf4 O-O-O 17. h4 h6 18. Qe3 Kb8 19. Rde1 d4 20. Qd2 dxc3 21.
Qxc3 Qb6 22. Re2 Nb4 23. Bc4 Rc8 24. Kb1 Rc7 25. Nd2 Rhc8 26. Rc1 Nd5 27. Qf3
Bb5 28. Qb3 Qa6 29. Ree1 Bxc4 30. Nxc4 Rxc4 31. Qg3 Nb4 32. a3 Rxc1+ 33. Rxc1
Qd3+ 34. Qxd3 Rxc1+ 0-1

[Event "Lliga Catalana eq. DH"]
[Site "?"]
[Date "2014.02.01"]
[Round "2.9"]
[White "Serra Pages, J."]
[Black "Obon Temprano, S."]
[Result "0-1"]
[WhiteElo "2291"]
[BlackElo "2365"]
[PlyCount "74"]
[EventDate "2014.??.??"]
[EventType "team"]
[EventCountry "ESP"]

1. d4 d5 2. c4 c6 3. Nc3 Nf6 4. Nf3 e6 5. Bg5 dxc4 6. e4 b5 7. e5 h6 8. Bh4 g5
9. exf6 gxh4 10. Ne5 Qxf6 11. g3 Nd7 12. Qe2 Bb4 13. Bg2 Bb7 14. O-O Bxc3 15.
bxc3 Nxe5 16. dxe5 Qe7 17. a4 a6 18. Qe3 h3 19. Be4 O-O-O 20. Qa7 Qc7 21. axb5
cxb5 22. Bxb7+ Qxb7 23. Qxa6 Qxa6 24. Rxa6 Kb7 25. Ra5 Kb6 26. Rfa1 Rd7 27. Kf1
Rhd8 28. Ra6+ Kc5 29. Ra7 Rxa7 30. Rxa7 Rd3 31. Rc7+ Kd5 32. Rb7 Kc6 33. Rxf7
Rxc3 34. Ke2 b4 35. Kd2 Rd3+ 36. Kc1 b3 37. Re7 Kd5 0-1

[Event "Lliga Catalana eq. DH"]
[Site "?"]
[Date "2014.02.01"]
[Round "2.9"]
[White "Soler Rionegro, A."]
[Black "De la Riva Aguado, J."]
[Result "1-0"]
[WhiteElo "2079"]
[BlackElo "2326"]
[PlyCount "97"]
[EventDate "2014.??.??"]
[EventType "team"]
[EventCountry "ESP"]

1. e4 c5 2. Nf3 e6 3. d4 cxd4 4. Nxd4 Nc6 5. Nc3 Qc7 6. Nb3 a6 7. a3 b5 8. Bd2
Bb7 9. g3 Nf6 10. Bg2 Ne5 11. O-O Nc4 12. Bf4 d6 13. Bc1 Be7 14. Nd2 Nb6 15.
Re1 e5 16. Nf1 O-O 17. Ne3 Rfd8 18. Nf5 Bf8 19. Bg5 Nbd7 20. Ne3 h6 21. Ned5
Bxd5 22. Nxd5 Qc6 23. Bxf6 Nxf6 24. Nxf6+ gxf6 25. Re3 Bg7 26. Bh3 Ra7 27. Bf5
d5 28. Rd3 d4 29. c3 Qd6 30. cxd4 exd4 31. Rc1 Bf8 32. Rc2 Qb6 33. Qc1 b4 34.
axb4 Qxb4 35. Rc4 Qb6 36. Qd2 Rb7 37. b3 Kg7 38. Qd1 Bc5 39. Qg4+ Kf8 40. Qh5
Ke7 41. Qxh6 Qa5 42. Qc1 Ba7 43. Bc8 Rxc8 44. Rxc8 Rd7 45. Qc4 Qe1+ 46. Kg2
Qxe4+ 47. Rf3 a5 48. Rc7 Qg6 49. Rxa7 1-0

[Event "Lliga Catalana eq. DH"]
[Site "?"]
[Date "2014.02.01"]
[Round "2.9"]
[White "Tallo Dominguez, I."]
[Black "Marques Taltavull, A."]
[Result "1-0"]
[WhiteElo "2338"]
[BlackElo "2254"]
[PlyCount "97"]
[EventDate "2014.??.??"]
[EventType "team"]
[EventCountry "ESP"]

1. e4 c6 2. d4 d5 3. e5 h5 4. Be2 g6 5. h3 Bg7 6. Nd2 Nh6 7. g4 hxg4 8. hxg4 c5
9. c3 cxd4 10. cxd4 Nc6 11. Nb3 f6 12. exf6 exf6 13. Bf4 Qe7 14. f3 g5 15. Bg3
f5 16. Qd2 Qb4 17. Qxb4 Nxb4 18. Kd2 Bd7 19. Bd6 Nc6 20. Re1 O-O-O 21. Rc1 Nf7
22. Rxh8 Rxh8 23. Bg3 Nh6 24. Rc5 f4 25. Bf2 Be6 26. Bb5 Kd7 27. Na5 a6 28. Ba4
b5 29. Rxc6 bxa4 30. Rxa6 Nf7 31. Nb7 Nd8 32. Nc5+ Ke7 33. Nxa4 Rh2 34. Ke1 Bf7
35. Nc3 Kd7 36. Ra7+ Ke8 37. Nb5 Kf8 38. Kf1 Nc6 39. Ra8+ Ke7 40. Ne2 Rh1+ 41.
Bg1 Rh8 42. Ra6 Rc8 43. Rb6 Ne5 44. Nec3 Nc4 45. Rb7+ Ke6 46. b3 Ne3+ 47. Bxe3
fxe3 48. Rxf7 Bxd4 49. Rc7 1-0

[Event "Lliga Catalana eq. DH"]
[Site "?"]
[Date "2014.02.01"]
[Round "2.10"]
[White "Aalbersberg Kroon, P."]
[Black "Gardela Batlle, J."]
[Result "0-1"]
[WhiteElo "1946"]
[BlackElo "2243"]
[PlyCount "112"]
[EventDate "2014.??.??"]
[EventType "team"]
[EventCountry "ESP"]

1. e4 c5 2. Nf3 e6 3. b3 d6 4. Bb2 Nf6 5. Bb5+ Nbd7 6. Nc3 Be7 7. d4 a6 8.
Bxd7+ Nxd7 9. O-O O-O 10. Ne2 b5 11. Ng3 Bb7 12. Re1 Qc7 13. Qd2 Rac8 14. Rad1
c4 15. c3 a5 16. d5 Nc5 17. dxe6 fxe6 18. Ng5 h6 19. Nf3 Nd3 20. Re3 Rf7 21.
Rxd3 cxd3 22. Qxd3 b4 23. c4 Rcf8 24. Rd2 Bc8 25. e5 Rd8 26. Qg6 Bf8 27. Nh5
Kh8 28. exd6 Rxd6 29. Rxd6 Qxd6 30. h4 Qd1+ 31. Kh2 Bd6+ 32. Be5 Kg8 33. Nxg7
Bxe5+ 34. Nxe5 Rxg7 35. Qe8+ Kh7 36. Qxc8 Qe2 37. Qxe6 Qxf2 38. Qd5 Qxh4+ 39.
Kg1 Qe1+ 40. Kh2 Qg3+ 41. Kg1 Qe3+ 42. Kf1 Qf4+ 43. Kg1 Qc1+ 44. Kh2 Qc2 45.
Qf3 Qb1 46. Qd5 Qf5 47. Qd4 Re7 48. Nf3 Rd7 49. Qh4 Rg7 50. Qd4 Qg4 51. Qd3+
Qg6 52. Qd2 Qg3+ 53. Kh1 Qg6 54. Kh2 Qh5+ 55. Kg1 Qxf3 56. Qc2+ Kh8 0-1